000 00581ntaaa2200205 4500
003 01
005 20251027203049.0
008 0714s1973 ag 01
020 _a0295785799
040 _aAR-BaBN
_bspa
_cAR-BaBN
_eaacr
_dRIC
082 _a780.1500 Sl5l
100 _aSlonimsky, Nicolas
245 _aLexicon of musical invective
250 _a2 ed.
260 _aSeattle :
_bUniversity of Washington Press,
_c1969
300 _a325 p ;
_c20 cm
500 _aAntología de críticas a compositores desde la época de Beethoven
650 _aMúsica--Apreciación
942 _cBK
999 _c26040
_d26040